banner-ar

سبل السلام : (Record no. 46324)

MARC details
000 -الفاتح
حقل البيانات ثابتة الطول 01017nam a2200217Ia 4500
008 - عناصر البيانات ثابتة الطول - معلومات عامة
حقل البيانات ثابتة الطول 140319s9999 xx 000 0 ara d
040 ## - مصدر الفهرسة
وكالة الفهرسة الأصلية GCL /
وكالة النسخ GCL
082 04 - رقم تصنيف ديوى العشرى
رقم التصنيف 250
رقم المادة ك س
100 1# - المدخل الرئيسى - إسم شخصى
الإسم الشخصى ابن حجر العسقلانى : بدر الدين ابو المعالى محمد بن احمد بن على
245 10 - بيان العنوان
العنوان سبل السلام :
بقية العنوان شرح بلوغ المرام من جمع ادلة الاحكام للحافظ ابن حجر العسقلانى /
بيان المسئوليه,etc ابن حجر العسقلانى : بدر الدين ابو المعالى محمد بن احمد بن على
700 1# - المدخل الاضافى - اسم شخصى
الإسم الشخصى محمد خليل هراس
700 1# - المدخل الاضافى - اسم شخصى
الإسم الشخصى الكحلانى : محمد بن اسماعيل الامير بن صالح
300 ## - الوصف المادى
التعداد 4مج فى 2جزء ؛
أبعاد الوعاء 24 سم
490 ## - بيان السلسلة
عنوان السلسلة
650 04 - المدخل الاضافى بالموضوع-مصطلح موضوعى
مصطلح موضوعي الاحكام الشرعية
650 04 - المدخل الاضافى بالموضوع-مصطلح موضوعى
مصطلح موضوعي الشريعة الاسلامية
650 04 - المدخل الاضافى بالموضوع-مصطلح موضوعى
مصطلح موضوعي الاحاديث النبوية
942 ## - عناصر المدخل الإضافي( كوها)
مصدر التصنيف او مخطط الترفيف Dewey Decimal Classification
Koha [default] item type كتاب
260 ## - PUBLICATION, DISTRIBUTION, ETC. (IMPRINT)
-- القاهرة :
-- مكتبة الجمهورية العربية
Holdings
حالة التراجع حالة الفقد حالة تلف ليس للاعارة المكان المؤقت الموقع الحالى تاريخ الاكتساب اجمالي اﻻعارات رقم الطلب الباركود تاريخ اخر مشاهدة تاريخ تفعيل السعر نوع وعاء كوها
        مكتبة القاهرة الكبرى مكتبة القاهرة الكبرى 03/26/2014   250\ك س 112775 03/26/2014 03/26/2014 كتاب
        مكتبة القاهرة الكبرى مكتبة القاهرة الكبرى 03/26/2014   250\ك س 112776 03/26/2014 03/26/2014 كتاب
        مكتبة القاهرة الكبرى مكتبة القاهرة الكبرى 03/26/2014   250\ك س 112777 03/26/2014 03/26/2014 كتاب

Powered By

EGPV